[Event "ICS rated standard match"]
[Site "204.178.125.65"]
[Date "2000.05.01"]
[Round "?"]
[White "alkhateeb"]
[Black "Hossa"]
[Result "1-0"]
[WhiteElo "2348"]
[BlackElo "2373"]
[PlyCount "125"]
[EventDate "2000.??.??"]

1. d4 d5 2. Nf3 Nf6 3. Bf4 Bf5 4. e3 e6 5. Bd3 Bd6 6. Bg3 Bxd3 7. Qxd3 Bxg3 8.
hxg3 Nbd7 9. Nbd2 c5 10. c3 O-O 11. Ne5 cxd4 12. exd4 Qc7 13. f4 Rfd8 14. a3
Rac8 15. g4 Qb6 16. O-O-O Nf8 17. g5 N6d7 18. Rh3 Nxe5 19. fxe5 Qa6 20. Qxa6
bxa6 21. Nb3 Rc6 22. Nc5 Rb8 23. a4 Rcb6 24. Rd2 a5 25. Rf3 Rc8 26. Rdf2 Rc7
27. Kc2 Ng6 28. g3 Rbc6 29. b4 axb4 30. cxb4 Rb6 31. Kb3 Re7 32. b5 Rb8 33. Rc3
Rc7 34. Rfc2 Ne7 35. Na6 Rxc3+ 36. Rxc3 Rd8 37. g4 Rd7 38. a5 Rb7 39. Kb4 g6
40. Rc7 Rxc7 41. Nxc7 Nc8 42. Kc5 Kf8 43. b6 axb6+ 44. axb6 Nxb6 45. Kxb6 Ke7
46. Kc6 Kf8 47. Kd6 Kg8 48. Nxe6 fxe6 49. Kxe6 Kg7 50. Kxd5 Kf8 51. e6 Ke7 52.
Ke5 Kd8 53. d5 Kc7 54. d6+ Kc8 55. Kf6 Kb7 56. e7 Kb6 57. d7 Kc5 58. d8=Q h6
59. e8=Q hxg5 60. Qe5+ Kc4 61. Qec7+ Kb5 62. Qdb8+ Ka6 63. Qca7# {
Hossa checkmated} 1-0

[Event "ICS rated blitz match"]
[Site "204.178.125.65"]
[Date "2000.05.01"]
[Round "?"]
[White "Tinker"]
[Black "Hossa"]
[Result "0-1"]
[WhiteElo "2442"]
[BlackElo "2468"]
[PlyCount "144"]
[EventDate "2000.??.??"]

1. e4 e5 2. Nf3 Nc6 3. Nc3 Nf6 4. Bc4 Bb4 5. Nd5 Ba5 6. Nc3 Bxc3 7. dxc3 O-O 8.
Qe2 d6 9. Bg5 Bg4 10. Bd3 Bxf3 11. Qxf3 a6 12. Qe2 h6 13. Bd2 Qd7 14. O-O Rfe8
15. Rfd1 Rec8 16. Re1 Rab8 17. Red1 Re8 18. Re1 Rbc8 19. Red1 Rf8 20. Re1 Qg4
21. Qxg4 Nxg4 22. Rad1 Nf6 23. Ra1 Kh7 24. Rac1 g6 25. Re3 Kg7 26. Rh3 Rh8 27.
Re3 d5 28. exd5 Nxd5 29. Rf3 f5 30. Rg3 e4 31. Bc4 Rcd8 32. Be2 f4 33. Rh3 Rhe8
34. Rf1 Rd6 35. Bc1 g5 36. c4 Ndb4 37. c5 Rd7 38. b3 Nxc2 39. Bb2+ N2d4 40. Bh5
Re5 41. Re1 Rdd5 42. Rf1 Rxc5 43. Rd1 Red5 44. a3 Rc2 45. Ba1 Kh7 46. Re1 Ne5
47. Rc3 c6 48. Rxc2 Nxc2 49. Rc1 Nxa3 50. Rd1 Nf3+ 51. Bxf3 exf3 52. Rxd5 cxd5
53. gxf3 Nb1 54. b4 Nd2 55. Kg2 Kg6 56. Bc3 Nc4 57. Kg1 b6 58. Kf1 a5 59. bxa5
bxa5 60. Ke2 a4 61. Kd3 Kf7 62. Kd4 Ke6 63. Kc5 a3 64. Kb4 a2 65. h3 h5 66. Bd4
Nd2 67. Ka3 Nxf3 68. Kxa2 Nxd4 69. Kb2 g4 70. hxg4 hxg4 71. Kc3 g3 72. fxg3
fxg3 {Tinker resigns} 0-1

[Event "ICS rated blitz match"]
[Site "204.178.125.65"]
[Date "2000.05.01"]
[Round "?"]
[White "Hossa"]
[Black "sladdi"]
[Result "1-0"]
[WhiteElo "2483"]
[BlackElo "2099"]
[PlyCount "55"]
[EventDate "2000.??.??"]

1. e4 Nf6 2. e5 Nd5 3. d4 d6 4. Nf3 Bg4 5. Be2 c6 6. Ng5 Bf5 7. Bg4 Bxg4 8.
Qxg4 dxe5 9. dxe5 e6 10. O-O h6 11. Ne4 Nd7 12. Nd6+ Bxd6 13. exd6 N7f6 14. Qg3
Qd7 15. c4 Nb4 16. Qxg7 O-O-O 17. Qxf6 Nc2 18. Na3 Nxa1 19. Bf4 Rhg8 20. Rxa1
Rg6 21. Qd4 Kb8 22. c5 f6 23. Be3 e5 24. Qh4 Rdg8 25. g3 f5 26. Nc4 Qe6 27. d7
Kc7 28. Nxe5 {sladdi resigns} 1-0

[Event "ICS rated blitz match"]
[Site "204.178.125.65"]
[Date "2000.05.01"]
[Round "?"]
[White "Amateur"]
[Black "Hossa"]
[Result "1-0"]
[WhiteElo "2545"]
[BlackElo "2486"]
[PlyCount "203"]
[EventDate "2000.??.??"]

1. e4 e5 2. Nf3 Nc6 3. Bb5 a6 4. Ba4 Nf6 5. O-O Be7 6. Re1 b5 7. Bb3 d6 8. a4
Bg4 9. c3 O-O 10. d3 Na5 11. Ba2 Bxf3 12. Qxf3 bxa4 13. Qd1 Qd7 14. Nd2 Rfb8
15. Bc4 Nxc4 16. Nxc4 Rb3 17. Re3 Rab8 18. Rf3 d5 19. exd5 a3 20. Nxa3 Bxa3 21.
Rxa3 Rxa3 22. bxa3 Nxd5 23. Qc2 Qb5 24. Qd2 Qb1 25. Rg3 Nf4 26. Re3 Rd8 27.
Rxe5 Nxd3 28. Re1 h6 29. Rf1 Rd6 30. Qe3 Re6 31. Qd2 Re8 32. a4 Rd8 33. Qd1 c6
34. Be3 Qb2 35. Qa1 Qxa1 36. Rxa1 Nb2 37. g4 Rd5 38. Bb6 h5 39. gxh5 Rxh5 40.
a5 Nc4 41. Ra4 Ne5 42. Kg2 Rg5+ 43. Kf1 Nf3 44. h3 Rf5 45. Kg2 Ne1+ 46. Kh2 Nd3
47. Kg3 c5 48. f4 Rh5 49. Kg4 g6 50. Kg3 f6 51. h4 Kf7 52. Re4 Rd5 53. c4 Rd7
54. Re2 Re7 55. Rxe7+ Kxe7 56. Kg4 Kf7 57. Kf3 f5 58. Ke3 Nb2 59. Kd2 Nxc4+ 60.
Kd3 Nd6 61. Bxc5 Ne4 62. Kc4 Ke8 63. Kd5 Kd7 64. Be3 Nf6+ 65. Kc5 Kc7 66. Bg1
Ne4+ 67. Kd5 Kd7 68. Ke5 Ke7 69. h5 Kf7 70. hxg6+ Kxg6 71. Be3 Nc3 72. Kd4 Ne4
73. Kd5 Kh5 74. Kc6 Kg4 75. Kb6 Kf3 76. Bc1 Ke2 77. Kxa6 Nd6 78. Bb2 Kd3 79.
Be5 Nc4 80. Kb5 Nxa5 81. Kxa5 Ke4 82. Kb5 Kd5 83. Kb6 Ke6 84. Kc6 Ke7 85. Kc7
Ke8 86. Kd6 Kd8 87. Ke6 Ke8 88. Kxf5 Kd7 89. Kg6 Ke7 90. f5 Kd7 91. Bg7 Kd6 92.
f6 Ke6 93. f7 Kd6 94. f8=Q+ Kc6 95. Bf6 Kd5 96. Kf5 Kc6 97. Ke4 Kc7 98. Qc5+
Kb7 99. Qb5+ Kc7 100. Kd5 Kc8 101. Qb6 Kd7 102. Qc6# {Hossa checkmated} 1-0

[Event "ICS rated blitz match"]
[Site "204.178.125.65"]
[Date "2000.05.01"]
[Round "?"]
[White "Hossa"]
[Black "RedBear"]
[Result "0-1"]
[WhiteElo "2473"]
[BlackElo "2556"]
[PlyCount "126"]
[EventDate "2000.??.??"]

1. e4 e5 2. Nf3 Nc6 3. Nc3 Nf6 4. Nxe5 Nxe5 5. d4 Ng6 6. e5 Ng8 7. Bc4 d5 8.
Nxd5 Be6 9. Ne3 Bxc4 10. Nxc4 Qd5 11. Ne3 Qd7 12. O-O Rd8 13. c3 c5 14. d5 Nxe5
15. Re1 Be7 16. f4 Ng6 17. f5 Ne5 18. Ng4 Nxg4 19. Qxg4 Kf8 20. c4 Bf6 21. Be3
b6 22. Re2 h5 23. Qe4 Nh6 24. Rf1 Re8 25. Qd3 Ng4 26. Bf4 Rxe2 27. Qxe2 Qe7 28.
Re1 Qxe2 29. Rxe2 h4 30. h3 Bd4+ 31. Kh1 Nf2+ 32. Kh2 Nd3 33. d6 Bf6 34. d7 Kg8
35. Bc7 Kh7 36. Rd2 Nxb2 37. Rxb2 Bxb2 38. d8=Q Rxd8 39. Bxd8 Bf6 40. Bxf6 gxf6
41. Kh1 Kh6 42. Kg1 Kg5 43. Kf2 Kf4 44. a3 Ke4 45. g3 hxg3+ 46. Kxg3 b5 47.
cxb5 c4 48. Kf2 Kd3 49. Ke1 Kc2 50. a4 c3 51. a5 Kb2 52. b6 c2 53. bxa7 c1=Q+
54. Ke2 Qh1 55. h4 Kc3 56. Ke3 Qa8 57. Kf4 Kd2 58. a6 Kd3 59. h5 Ke2 60. Kg4
Qf3+ 61. Kh4 Kf2 62. h6 Qf4+ 63. Kh5 Qg5# 0-1

[Event "ICS rated standard match"]
[Site "204.178.125.65"]
[Date "2000.05.01"]
[Round "?"]
[White "Hossa"]
[Black "HardAsRock"]
[Result "1-0"]
[WhiteElo "2359"]
[BlackElo "2110"]
[PlyCount "90"]
[EventDate "2000.??.??"]

1. e4 c6 2. d4 d5 3. Nc3 dxe4 4. Nxe4 Bf5 5. Ng3 Bg6 6. h4 h6 7. Nf3 Nd7 8. h5
Bh7 9. Bd3 Bxd3 10. Qxd3 Qc7 11. Bd2 e6 12. O-O-O Ngf6 13. Ne4 Nxe4 14. Qxe4
Nf6 15. Qe2 Bd6 16. g3 O-O-O 17. c4 c5 18. Bc3 Rhe8 19. Kb1 Kb8 20. dxc5 Qxc5
21. Bxf6 Qf5+ 22. Rd3 Qxf6 23. Rhd1 Bc7 24. b3 Rxd3 25. Rxd3 Rd8 26. Qe4 Kc8
27. c5 Rxd3 28. Qxd3 Qd8 29. Qxd8+ Kxd8 30. b4 Ke7 31. Kb2 e5 32. Nd2 f5 33.
Nc4 Ke6 34. Kc3 e4 35. Kd4 b6 36. g4 fxg4 37. Kxe4 g3 38. cxb6 axb6 39. fxg3
Kf6 40. g4 g6 41. Kd5 gxh5 42. gxh5 Kg5 43. Kc6 Bd8 44. Nxb6 Kxh5 45. a4 Kg4 {
HardAsRock resigns} 1-0

[Event "ICS rated blitz match"]
[Site "204.178.125.65"]
[Date "2000.05.01"]
[Round "?"]
[White "sladdi"]
[Black "Hossa"]
[Result "0-1"]
[WhiteElo "2118"]
[BlackElo "2461"]
[PlyCount "126"]
[EventDate "2000.??.??"]

1. d4 d5 2. Nf3 Nf6 3. c4 e6 4. Nc3 c6 5. Bg5 Nbd7 6. e3 Be7 7. Rc1 O-O 8. Bd3
dxc4 9. Bxc4 c5 10. O-O cxd4 11. exd4 b6 12. Re1 Bb7 13. Qe2 Rc8 14. Bd3 Nb8
15. Rcd1 Re8 16. Bb1 Nd5 17. Bd2 Ba6 18. Qe4 Nf6 19. Qh4 Nbd7 20. Ne5 Qc7 21.
a3 Bd6 22. Ne4 Nxe4 23. Qxe4 Nf6 24. Qh4 Red8 25. Bg5 Bxe5 26. dxe5 Rxd1 27.
Rxd1 Qxe5 28. Bxf6 Qxf6 29. Bxh7+ Kh8 30. Qxf6 gxf6 31. Bb1 Bc4 32. h3 Bb3 33.
Re1 Rd8 34. Re3 Rd1+ 35. Kh2 Bd5 36. Be4 Rd2 37. Bxd5 exd5 38. Kg3 Rxb2 39. Re7
Rb3+ 40. Kf4 Rxa3 41. Rxf7 Ra2 42. Kg3 a5 43. Rxf6 b5 44. Rb6 Rb2 45. f4 a4 46.
Kh4 Rxg2 47. Rxb5 Rd2 48. Ra5 Rd4 49. Kg5 Kg7 50. Ra7+ Kf8 51. f5 Rd3 52. h4 a3
53. Kf6 Kg8 54. h5 Rh3 55. Ra8+ Kh7 56. Ke6 d4 57. f6 Re3+ 58. Kf7 d3 59. Rxa3
d2 60. Rxe3 d1=Q 61. Re7 Qxh5+ 62. Kf8+ Kg6 63. f7 Qh8# {sladdi checkmated} 0-1

[Event "ICS rated blitz match"]
[Site "204.178.125.65"]
[Date "2000.05.01"]
[Round "?"]
[White "Hossa"]
[Black "QueenMaxima"]
[Result "1/2-1/2"]
[WhiteElo "2478"]
[BlackElo "2590"]
[PlyCount "319"]
[EventDate "2000.??.??"]

1. e4 c5 2. Nf3 e6 3. d4 cxd4 4. Nxd4 a6 5. Nc3 Nc6 6. Be2 Qc7 7. Be3 Nf6 8.
O-O Bb4 9. Na4 O-O 10. Nxc6 bxc6 11. Nb6 Rb8 12. Nxc8 Rfxc8 13. Bxa6 Rd8 14.
Bd3 Bd6 15. Kh1 Be5 16. c3 Rxb2 17. Qc1 Ng4 18. f4 Nxe3 19. Qxb2 Bxf4 20. Qf2
Nxf1 21. Rxf1 e5 22. g3 Qd6 23. Be2 Bg5 24. Qxf7+ Kh8 25. Bg4 Bd2 26. Bxd7 h6
27. Be8 Bxc3 28. Qf8+ Kh7 29. Qxd6 Rxd6 30. Rc1 Bb4 31. Bxc6 Ba3 32. Rc2 Rd4
33. Bd5 g5 34. g4 Bd6 35. Kg2 Kg7 36. Rc3 Rd2+ 37. Kg3 Rd4 38. Kh3 Bb4 39. Rb3
Bd6 40. Kg2 Rd2+ 41. Kg3 Rd4 42. Rb7+ Kf6 43. Rf7+ Kg6 44. Rf2 Rd3+ 45. Kg2 Rd4
46. Be6 Kg7 47. Rf7+ Kg6 48. Rf1 Bc5 49. Bf7+ Kg7 50. Bd5 Rd2+ 51. Kh1 Be3 52.
h3 Bf4 53. Rf3 Rd1+ 54. Kg2 Rd2+ 55. Kf1 Rd1+ 56. Ke2 Rd2+ 57. Ke1 Rd4 58. Ra3
Kf6 59. Ra6+ Kg7 60. Ra7+ Kg6 61. a4 Rd3 62. Ra6+ Kg7 63. Kf2 Rxh3 64. Ra7+ Kg6
65. Ra8 Rh2+ 66. Kf1 Be3 67. Rg8+ Kh7 68. Rf8 Bd4 69. Rc8 Rf2+ 70. Ke1 Kg6 71.
Be6 Rh2 72. Rc7 Bf2+ 73. Kd1 Kf6 74. Bf5 Be3 75. Rh7 Bb6 76. Kc1 Ba5 77. Kb1
Bc3 78. Rc7 Be1 79. Rc6+ Kf7 80. Rb6 Kg7 81. Rb7+ Kf6 82. Rc7 Bb4 83. Rc6+ Kf7
84. Bg6+ Kg7 85. Bh5 Rf2 86. Rc7+ Kg8 87. Bg6 Be1 88. Ka1 Ba5 89. Rc6 Rd2 90.
Rc5 Bb6 91. Rb5 Be3 92. Bh5 Rd4 93. Rxe5 Rxa4+ 94. Kb2 Bd4+ 95. Kb3 Bxe5 96.
Kxa4 Kf8 97. Kb5 Ke7 98. Kc6 Ke6 99. Bg6 Bd4 100. Bf5+ Ke5 101. Kd7 Ba7 102.
Ke7 Be3 103. Kf7 Bc5 104. Kg7 Be3 105. Kxh6 Bd2 106. Kg7 Bb4 107. Kf7 Bc5 108.
Ke8 Kd6 109. Kf8 Ke5+ 110. Kf7 Bf2 111. Kg6 Be3 112. Kg7 Bc5 113. Kh6 Be3 114.
Kg6 Bd2 115. Kf7 Bf4 116. Ke7 Be3 117. Kd7 Bc5 118. Kc7 Bd4 119. Kc6 Be3 120.
Kb7 Bc5 121. Kc8 Be3 122. Kd8 Bc5 123. Kd7 Bb6 124. Kc6 Be3 125. Kb7 Bc5 126.
Ka8 Be3 127. Kb8 Bg1 128. Bg6 Kf4 129. Kc8 Kxg4 130. e5 Kf4 131. e6 Bc5 132.
Kd7 g4 133. e7 Bxe7 134. Bd3 g3 135. Bf1 Bf8 136. Ke6 Ke4 137. Kf6 Bb4 138. Kg6
Ke5 139. Kh6 Ba5 140. Kh7 Kf5 141. Kh8 Bc3+ 142. Kg8 Kf6 143. Kh8 Kg6+ 144. Kg8
Bd4 145. Kf8 Kf6 146. Kg8 Ke5 147. Kh8 Bg1 148. Kg8 Bf2 149. Kh8 Be3 150. Kg8
Kf6 151. Kh8 Kf5 152. Kg8 Ke5 153. Kh8 Bg5 154. Kg8 Kf6 155. Kh8 Bf4 156. Kg8
Bd2 157. Kh8 Ke5 158. Kg8 Kd4 159. Kh8 Be1 160. Kg8 1/2-1/2

[Event "ICS rated blitz match"]
[Site "204.178.125.65"]
[Date "2000.05.01"]
[Round "?"]
[White "QueenMaxima"]
[Black "Hossa"]
[Result "1-0"]
[WhiteElo "2585"]
[BlackElo "2483"]
[PlyCount "125"]
[EventDate "2000.??.??"]

1. e4 d5 2. exd5 Nf6 3. d4 Bg4 4. Nf3 Nxd5 5. Be2 Nc6 6. O-O g5 7. Nxg5 Bxe2 8.
Qxe2 Nf6 9. Qb5 a6 10. Qxb7 Nxd4 11. Be3 Nb5 12. Qc6+ Nd7 13. Nc3 Nxc3 14. Qxc3
Rg8 15. Nxh7 Bg7 16. Qa3 Rh8 17. Ng5 Qb8 18. c3 c6 19. h3 Bf6 20. Rfd1 Qb7 21.
Qb3 Qxb3 22. axb3 Bxg5 23. Bxg5 Nc5 24. b4 Ne6 25. Be3 Rh5 26. Kh1 Kf8 27. Rd7
Ke8 28. Ra7 Rxa7 29. Bxa7 Rh6 30. Be3 Rh5 31. Rxa6 Kd7 32. Ra5 Rb5 33. Rxb5
cxb5 34. h4 Nc7 35. h5 Ke6 36. g4 Nd5 37. h6 Kf6 38. Bd2 Kg6 39. f3 Nb6 40. b3
Kh7 41. Kg2 f6 42. Kg3 e6 43. Kf2 Kh8 44. Ke3 Kg8 45. Ke4 Kh7 46. Kd3 Nd5 47.
c4 Nc7 48. Kc3 e5 49. Kd3 Kg8 50. f4 exf4 51. Bxf4 Ne6 52. Ke4 bxc4 53. bxc4
Nf8 54. c5 Ng6 55. b5 Ne7 56. Bd6 Nc8 57. b6 Nxb6 58. cxb6 Kh8 59. b7 Kh7 60.
b8=Q Kxh6 61. Qh8+ Kg6 62. Qg8+ Kh6 63. Bf8# {Hossa checkmated} 1-0

[Event "ICS rated blitz match"]
[Site "204.178.125.65"]
[Date "2000.05.01"]
[Round "?"]
[White "Beadle"]
[Black "Hossa"]
[Result "1/2-1/2"]
[WhiteElo "2650"]
[BlackElo "2472"]
[PlyCount "74"]
[EventDate "2000.??.??"]

1. d4 Nf6 2. c4 e6 3. g3 Bb4+ 4. Bd2 c5 5. Bxb4 cxb4 6. e3 d5 7. Nf3 dxc4 8.
Bxc4 O-O 9. Nbd2 Nc6 10. O-O b6 11. Rc1 Bb7 12. Qa4 a5 13. Bd3 Rc8 14. Rc2 Qd7
15. Qb5 Qd8 16. Rfc1 Na7 17. Qa4 Qd5 18. Rxc8 Nxc8 19. Rc7 Nd6 20. h4 Ba8 21.
Kf1 Nde4 22. Nxe4 Nxe4 23. Bxe4 Qxe4 24. Nd2 Qh1+ 25. Ke2 Bd5 26. b3 Qa1 27.
Ra7 g6 28. Qb5 Qxa2 29. Qxb4 Rc8 30. Qxb6 Rc2 31. Qb8+ Kg7 32. Qe5+ Kg8 33. Ke1
Rxd2 34. Qb8+ Kg7 35. Qe5+ Kg8 36. Qb8+ Kg7 37. Qe5+ Kg8 1/2-1/2

[Event "ICS rated blitz match"]
[Site "204.178.125.65"]
[Date "2000.05.01"]
[Round "?"]
[White "Hossa"]
[Black "Tinker"]
[Result "0-1"]
[WhiteElo "2480"]
[BlackElo "2431"]
[PlyCount "136"]
[EventDate "2000.??.??"]

1. e4 e5 2. Nf3 Nc6 3. Nc3 Nf6 4. Nxe5 Nxe5 5. d4 Ng6 6. e5 Ng8 7. Bc4 Nh4 8.
O-O a6 9. Ne4 d5 10. exd6 Bxd6 11. Re1 Be7 12. Qh5 Ng6 13. c3 Kf8 14. Qe2 h6
15. Bd3 Rh7 16. Bd2 c6 17. Be3 Bh4 18. Nc5 N8e7 19. g3 Bf6 20. Ne4 Kg8 21.
Nxf6+ gxf6 22. Qf3 f5 23. Bc1 Qf8 24. Bd2 Be6 25. Qe2 Qg7 26. f4 Kf8 27. Bc1
Rd8 28. Bc4 Bxc4 29. Qxc4 Re8 30. Qb3 b5 31. Re2 Nh4 32. Kf2 Nhg6 33. Kg1 Qf6
34. Qa3 Ra8 35. Qc5 Rg7 36. a4 Rd8 37. axb5 axb5 38. b3 h5 39. Ra7 h4 40. Ba3
Re8 41. Qb6 hxg3 42. Raxe7 gxh2+ 43. Kh1 Nxe7 44. Bxe7+ Qxe7 45. Rxe7 Rxe7 46.
Qd8+ Re8 47. Qh4 Kg8 48. c4 Rg4 49. Qf2 Re6 50. cxb5 cxb5 51. b4 Rh6 52. Qe1
Rhh4 53. Qe8+ Kg7 54. Qe3 Rg1+ 55. Qxg1+ hxg1=Q+ 56. Kxg1 Rxf4 57. d5 Rxb4 58.
Kf2 Rd4 59. d6 b4 60. Ke3 Rxd6 61. Kf4 Kf6 62. Kf3 b3 63. Kf2 b2 64. Kf3 b1=Q
65. Ke2 Qd1+ 66. Kf2 Qc2+ 67. Kf3 Rd3+ 68. Kf4 Qc1# {Hossa checkmated} 0-1

[Event "ICS rated standard match"]
[Site "204.178.125.65"]
[Date "2000.05.01"]
[Round "?"]
[White "Hossa"]
[Black "Tinker"]
[Result "1-0"]
[WhiteElo "2363"]
[BlackElo "2319"]
[PlyCount "60"]
[EventDate "2000.??.??"]

1. e4 e5 2. Nf3 Nc6 3. Nc3 Nf6 4. Nxe5 Nxe5 5. d4 Ng6 6. e5 Ng8 7. Bc4 Nh4 8.
O-O a6 9. Ne4 h6 10. Re1 Ng6 11. Qe2 Qe7 12. Qd2 Qh4 13. Qa5 N8e7 14. Qxc7 Nc6
15. Nd6+ Bxd6 16. exd6+ Kf8 17. d5 Na7 18. g3 Qf6 19. f4 Kg8 20. Bd3 Nb5 21.
Bxb5 axb5 22. c3 Kh7 23. Be3 Qf5 24. Qc5 Ra6 25. Bd4 h5 26. Qxb5 Rxd6 27. Be5
Ra6 28. c4 h4 29. Qb3 d6 30. Bd4 Qg4 {Tinker resigns} 1-0

[Event "ICS rated blitz match"]
[Site "204.178.125.65"]
[Date "2000.05.01"]
[Round "?"]
[White "megalove"]
[Black "Hossa"]
[Result "1-0"]
[WhiteElo "1956"]
[BlackElo "2462"]
[PlyCount "59"]
[EventDate "2000.??.??"]

1. d4 d5 2. Nf3 Nf6 3. c4 e6 4. Bg5 Nbd7 5. Nc3 h6 6. Bf4 dxc4 7. e4 Bb4 8. Nd2
O-O 9. Bxc4 Nb6 10. Be3 Nxc4 11. Nxc4 Nxe4 12. Qc2 Qd5 13. Nd2 Bxc3 14. bxc3
Nxd2 15. Qxd2 Qxg2 16. O-O-O Qh3 17. Rhg1 Kh8 18. Rg3 Qxh2 19. Rdg1 c5 20. Rxg7
Qh5 21. Bxh6 Re8 22. R7g5 Qh4 23. Bg7+ Kh7 24. Bf6 Rg8 25. Qd3+ Rg6 26. Rxg6
Qf4+ 27. Kb1 Qf5 28. Rg7+ Kh6 29. Rh1+ Qh3 30. Qh7# {Hossa checkmated} 1-0

[Event "ICS rated blitz match"]
[Site "204.178.125.65"]
[Date "2000.05.01"]
[Round "?"]
[White "Hossa"]
[Black "jason-1"]
[Result "0-1"]
[WhiteElo "2432"]
[BlackElo "2528"]
[PlyCount "84"]
[EventDate "2000.??.??"]

1. e4 d6 2. d4 Nf6 3. Nc3 g6 4. f4 Bg7 5. Nf3 c5 6. Bb5+ Bd7 7. e5 Ng4 8. e6
fxe6 9. Ng5 Bxb5 10. Nxb5 Qa5+ 11. c3 Qxb5 12. Qxg4 cxd4 13. Nxe6 Qc4 14. Nxg7+
Kf7 15. Nf5 Qe6+ 16. Ne3 dxe3 17. f5 gxf5 18. O-O Nd7 19. Rxf5+ Ke8 20. Qh5+
Kd8 21. Rf1 Rg8 22. Qxh7 e2 23. Re1 Qg4 24. g3 Ne5 25. c4 Nf3+ 26. Kf2 Nxe1 27.
Kxe1 Qf3 28. Bf4 Qf1+ 29. Kd2 Qxa1 30. Qxg8+ Kc7 31. Bxd6+ Kb6 32. Bc5+ Ka5 33.
b4+ Ka4 34. Kxe2 Rxg8 35. a3 Qb2+ 36. Kf3 Rf8+ 37. Ke4 Qe2+ 38. Be3 Rf3 39. g4
Rxe3+ 40. Kf5 Re6 41. Kf4 Qe3+ 42. Kf5 Rf6# {Hossa checkmated} 0-1

[Event "ICS rated blitz match"]
[Site "204.178.125.65"]
[Date "2000.05.01"]
[Round "?"]
[White "Hossa"]
[Black "megalove"]
[Result "1-0"]
[WhiteElo "2420"]
[BlackElo "1984"]
[PlyCount "37"]
[EventDate "2000.??.??"]

1. e4 e6 2. d4 d5 3. Nc3 Nf6 4. Bg5 dxe4 5. Nxe4 Ke7 6. Nf3 Ke8 7. Bc4 Be7 8.
Nxf6+ gxf6 9. Be3 Rg8 10. g3 a6 11. Qe2 b5 12. Bb3 Bb7 13. O-O-O c6 14. Rhe1 a5
15. c3 a4 16. Bc2 a3 17. b3 Nd7 18. Bxh7 Qa5 19. b4 {megalove resigns} 1-0

[Event "ICS rated blitz match"]
[Site "204.178.125.65"]
[Date "2000.05.01"]
[Round "?"]
[White "megalove"]
[Black "Hossa"]
[Result "0-1"]
[WhiteElo "1978"]
[BlackElo "2426"]
[PlyCount "56"]
[EventDate "2000.??.??"]

1. d4 d5 2. Nf3 Nf6 3. c4 e6 4. Bg5 Nbd7 5. Nc3 h6 6. Bf4 dxc4 7. e3 Bb4 8.
Bxc4 Nd5 9. Bxd5 Bxc3+ 10. bxc3 exd5 11. Qb3 Nb6 12. O-O a5 13. Ne5 Bf5 14. g4
Bh7 15. c4 a4 16. Qb4 f6 17. Nf3 Qc8 18. h3 Nxc4 19. e4 Bxe4 20. Rfe1 h5 21.
Rxe4+ dxe4 22. Qxc4 exf3 23. Re1+ Kd8 24. Qf7 Qd7 25. Qc4 hxg4 26. Rc1 Rc8 27.
hxg4 Qxg4+ 28. Bg3 Rh1+ {megalove resigns} 0-1

[Event "ICS rated blitz match"]
[Site "204.178.125.65"]
[Date "2000.05.01"]
[Round "?"]
[White "Beadle"]
[Black "Hossa"]
[Result "1-0"]
[WhiteElo "2620"]
[BlackElo "2430"]
[PlyCount "155"]
[EventDate "2000.??.??"]

1. e4 e5 2. Nf3 Nc6 3. Bb5 a6 4. Ba4 Nf6 5. O-O Be7 6. Re1 b5 7. Bb3 d6 8. c3
O-O 9. a4 b4 10. d4 bxc3 11. dxe5 c2 12. Qxc2 Nxe5 13. Nxe5 dxe5 14. Nc3 Rb8
15. Bg5 Bg4 16. Bxf6 Bxf6 17. h3 Bh5 18. g4 Bg6 19. Bc4 Qc8 20. Rad1 Bg5 21.
Rd5 Re8 22. Qe2 Rb6 23. Rb1 Ree6 24. Rc5 Red6 25. a5 Rbc6 26. Rxe5 Bh4 27. g5
h6 28. Bd5 Rxc3 29. bxc3 Bxg5 30. Qg4 Qd8 31. Bc4 Bd2 32. Rb3 h5 33. Qg3 Bh6
34. Rb7 Rd1+ 35. Kg2 Rd6 36. Qf3 Rf6 37. Qd3 Rd6 38. Qe2 Bf4 39. Rd5 Rxd5 40.
Bxd5 c6 41. Bxc6 Qxa5 42. Qf3 Qg5+ 43. Kf1 Be5 44. Rb1 Bh2 45. Re1 Qg1+ 46. Ke2
Qg5 47. Rd1 Qa5 48. Bd5 Be5 49. Rb1 Qa4 50. Rb2 a5 51. Qd3 Qa1 52. Rb6 Kh7 53.
c4 Bf4 54. Rb7 Qe5 55. f3 Kg8 56. h4 Qf6 57. Qd1 Qxh4 58. Qg1 Bg5 59. Rb5 Qf4
60. Qxg5 Qxg5 61. Bxf7+ Bxf7 62. Rxg5 Bxc4+ 63. Ke3 Bf7 64. Rxa5 Kf8 65. Kf4 g6
66. Ra7 Kg8 67. Kg5 Kg7 68. e5 Kg8 69. f4 Be8 70. e6 Kf8 71. Kf6 Bc6 72. Rc7
Be8 73. Rc8 h4 74. e7+ Kg8 75. Rxe8+ Kh7 76. Rg8 Kxg8 77. Kxg6 h3 78. e8=Q# {
Hossa checkmated} 1-0

[Event "ICS rated blitz match"]
[Site "204.178.125.65"]
[Date "2000.05.02"]
[Round "?"]
[White "QueenMaxima"]
[Black "Hossa"]
[Result "0-1"]
[WhiteElo "2546"]
[BlackElo "2422"]
[PlyCount "116"]
[EventDate "2000.??.??"]

1. e4 e5 2. Nf3 Nc6 3. Bb5 a6 4. Ba4 Nf6 5. O-O Be7 6. Re1 b5 7. Bb3 d6 8. c3
O-O 9. h3 Bb7 10. d4 Re8 11. Nbd2 Bf8 12. a3 h6 13. Bc2 Nb8 14. b4 Nbd7 15. Bb2
g6 16. Qb1 Bg7 17. Nb3 Rb8 18. a4 bxa4 19. Na5 Ba8 20. d5 Nb6 21. c4 Qe7 22.
Qa2 Nh5 23. Bc3 Nf4 24. Bd2 Bh8 25. Kh1 Red8 26. Bxa4 Nd3 27. Re3 f5 28. exf5
e4 29. Rf1 Nxa4 30. Qxa4 gxf5 31. Qa3 Re8 32. Kg1 f4 33. Rxd3 exd3 34. Qxd3 Qh7
35. Qa3 Qc2 36. Bxf4 Bb2 37. Qa2 Rxb4 38. Bxh6 Ra4 39. Qb1 Qxb1 40. Rxb1 Bc3
41. Nc6 Bxc6 42. dxc6 Rxc4 43. Rc1 Ree4 44. Rb1 Re2 45. Rc1 Ra2 46. h4 Raa4 47.
g3 Bg7 48. Rxc4 Rxc4 49. Be3 d5 50. h5 Rxc6 51. g4 Rc4 52. g5 a5 53. h6 Bc3 54.
Kf1 Kf7 55. Ne1 Bxe1 56. Kxe1 a4 57. h7 Kg7 58. h8=Q+ Kxh8 {QueenMaxima resigns
} 0-1

[Event "ICS rated standard match"]
[Site "204.178.125.65"]
[Date "2000.05.02"]
[Round "?"]
[White "KometIII"]
[Black "Hossa"]
[Result "0-1"]
[WhiteElo "2229"]
[BlackElo "2377"]
[PlyCount "54"]
[EventDate "2000.??.??"]

1. e4 e5 2. d4 exd4 3. Nf3 Nc6 4. Bc4 Nf6 5. O-O Nxe4 6. Re1 f5 7. Bd5 Bb4 8.
c3 dxc3 9. bxc3 Be7 10. Qb3 Nc5 11. Qc4 Ne6 12. h4 O-O 13. Bg5 Kh8 14. Bxe6
dxe6 15. Nbd2 Bxg5 16. hxg5 e5 17. Rad1 Re8 18. Ne4 Be6 19. Qb5 Qc8 20. Nc5 a6
21. Qxb7 Qxb7 22. Nxb7 Bxa2 23. Rd7 e4 24. Rxc7 exf3 25. Rxe8+ Rxe8 26. Rxc6
Bd5 27. Rb6 Re1+ {KometIII resigns} 0-1

[Event "ICS rated standard match"]
[Site "204.178.125.65"]
[Date "2000.05.02"]
[Round "?"]
[White "Tinker"]
[Black "Hossa"]
[Result "1-0"]
[WhiteElo "2305"]
[BlackElo "2385"]
[PlyCount "233"]
[EventDate "2000.??.??"]

1. e4 e5 2. Nf3 Nc6 3. Nc3 Nf6 4. Bc4 Bb4 5. Nd5 Ba5 6. c3 Nxe4 7. Qe2 Nd6 8.
b4 Nxc4 9. Qxc4 Bb6 10. Qe2 O-O 11. O-O d6 12. Nxb6 axb6 13. b5 Na5 14. d4 Bg4
15. dxe5 Re8 16. Qe4 Bxf3 17. Qxf3 Rxe5 18. Rb1 Qd7 19. a4 Rae8 20. Qd1 Nc4 21.
Qd3 Qe6 22. Rb4 d5 23. Rb1 Re4 24. Ra1 c5 25. Bg5 Re5 26. Bf4 Rf5 27. Bg3 Rg5
28. f4 Rh5 29. Rae1 Qd7 30. Rxe8+ Qxe8 31. f5 Qe3+ 32. Qxe3 Nxe3 33. Re1 d4 34.
cxd4 cxd4 35. Bf2 Rxf5 36. Bxe3 dxe3 37. Rxe3 Kf8 38. Rc3 Re5 39. Rc8+ Re8 40.
Rc7 Re1+ 41. Kf2 Re7 42. Rc8+ Re8 43. Rc7 Rb8 44. Rd7 h5 45. Kf3 Ke8 46. Rc7 g6
47. h4 Kf8 48. g3 Kg7 49. Rd7 Kf8 50. Rd6 Rc8 51. Rxb6 Rc3+ 52. Kf4 Rc4+ 53.
Ke5 Rxa4 54. Rxb7 Ra3 55. b6 Rb3 56. Kd5 Ke8 57. Kc5 Rxg3 58. Ra7 Rc3+ 59. Kd5
Rb3 60. Kc6 Rc3+ 61. Kd6 Rd3+ 62. Kc7 Rc3+ 63. Kb8 Rc4 64. b7 Rxh4 65. Ka8 Rb4
66. b8=Q+ Rxb8+ 67. Kxb8 g5 68. Kc7 Ke7 69. Ra5 f6 70. Ra2 f5 71. Rh2 h4 72.
Kc6 Kf6 73. Kd5 Kg6 74. Ke5 f4 75. Rh3 Kh5 76. Kf5 Kh6 77. Rh2 f3 78. Kg4 Kg6
79. Rh3 Kf7 80. Rxf3+ Ke6 81. Kxg5 h3 82. Rxh3 Ke5 83. Rf3 Ke4 84. Rf5 Ke3 85.
Re5+ Kd3 86. Kf4 Kd4 87. Rf5 Kd3 88. Rc5 Kd4 89. Re5 Kc3 90. Re2 Kc4 91. Re4+
Kd5 92. Kf5 Kd6 93. Re5 Kd7 94. Rd5+ Kc7 95. Ke5 Kc6 96. Rd6+ Kc5 97. Rd4 Kc6
98. Ke6 Kc5 99. Ke5 Kc6 100. Rd5 Kc7 101. Rc5+ Kd7 102. Ra5 Kc7 103. Ke6 Kb6
104. Rg5 Kc7 105. Rb5 Kc6 106. Rf5 Kc7 107. Rc5+ Kb8 108. Kd5 Kb7 109. Kd6 Kb6
110. Kd5 Kb7 111. Kd6 Kb6 112. Rd5 Kb7 113. Rb5+ Ka6 114. Kc6 Ka7 115. Ra5+ Kb8
116. Ra6 Kc8 117. Ra8# {Hossa checkmated} 1-0